[Event "SM-2021-0-00456"]
[Site "LSS email"]
[Date "2021.12.20"]
[Round "?"]
[White "Kudr, Roman"]
[Black "Sorcinelli, Andrea"]
[Result "1/2-1/2"]
[WhiteElo "2249"]
[BlackElo "2344"]
[PlyCount "32"]
[EventDate "2021.11.08"]
[EventType "tourn (corr)"]
[EventRounds "6"]
[EventCountry "GER"]
[SourceTitle "Corr 2024"]
[Source "ChessBase"]
[SourceDate "2023.10.19"]
[SourceVersion "1"]
[SourceVersionDate "2023.10.19"]
[SourceQuality "1"]

1. e4 e5 2. Nf3 Nf6 3. Nxe5 d6 4. Nf3 Nxe4 5. Nc3 Nxc3 6. dxc3 Be7 7. Be3 Nc6 8. Qd2 Be6 9. 0-0-0 Qd7 10. Kb1 a6 11. Ng5 Bf5 12. Bc4 Ne5 13. Bd5 Bxg5 14. Bxg5 f6 15. Bf4 0-0-0 16. Bxe5 dxe5 1/2-1/2

[Event "SM-2021-0-00451"]
[Site "LSS email"]
[Date "2021.10.11"]
[Round "?"]
[White "Wosch, Arkadiusz"]
[Black "Kudr, Roman"]
[Result "1/2-1/2"]
[WhiteElo "2303"]
[BlackElo "2258"]
[PlyCount "43"]
[EventDate "2021.06.29"]
[EventType "tourn (corr)"]
[EventRounds "6"]
[EventCountry "GER"]
[SourceTitle "Corr 2024"]
[Source "ChessBase"]
[SourceDate "2023.10.19"]
[SourceVersion "1"]
[SourceVersionDate "2023.10.19"]
[SourceQuality "1"]

1. e4 e5 2. Nf3 Nc6 3. Bc4 Bc5 4. c3 Nf6 5. d3 d6 6. 0-0 a6 7. a4 Ba7 8. Nbd2 0-0 9. h3 h6 10. Re1 Re8 11. b4 Be6 12. Bxe6 Rxe6 13. Qc2 Qd7 14. Nf1 d5 15. Be3 Bxe3 16. Nxe3 Ne7 17. exd5 Nfxd5 18. Nxd5 Qxd5 19. d4 exd4 20. Nxd4 Rxe1+ 21. Rxe1 Nc6 22. Qb3 1/2-1/2

[Event "SM-2021-0-00451"]
[Site "LSS email"]
[Date "2021.10.10"]
[Round "?"]
[White "Khlopov, Sergej"]
[Black "Kudr, Roman"]
[Result "1/2-1/2"]
[WhiteElo "2320"]
[BlackElo "2258"]
[PlyCount "58"]
[EventDate "2021.06.29"]
[EventType "tourn (corr)"]
[EventRounds "6"]
[EventCountry "GER"]
[SourceTitle "Corr 2024"]
[Source "ChessBase"]
[SourceDate "2023.10.19"]
[SourceVersion "1"]
[SourceVersionDate "2023.10.19"]
[SourceQuality "1"]

1. e4 c5 2. Nf3 d6 3. d4 cxd4 4. Nxd4 Nf6 5. Nc3 a6 6. Bg5 Nbd7 7. f4 Qc7 8. Qf3 h6 9. Bxf6 Nxf6 10. f5 Qc5 11. 0-0-0 g5 12. g4 h5 13. gxh5 Bg7 14. Rg1 Nxh5 15. Nb3 Qe5 16. Kb1 Qf4 17. Qxf4 Nxf4 18. Rxg5 Bf6 19. Rg4 Bxc3 20. bxc3 Ng6 21. h4 Ne5 22. Rf4 f6 23. Be2 Bd7 24. h5 Kf7 25. Rh4 Rag8 26. Nc1 Rg2 27. h6 Kg8 28. Re1 Kh7 29. Nd3 Rhg8 1/2-1/2

[Event "SM-2021-0-00451"]
[Site "LSS email"]
[Date "2021.10.10"]
[Round "?"]
[White "Kudr, Roman"]
[Black "Rheinstaedtler, Klaus"]
[Result "1/2-1/2"]
[WhiteElo "2258"]
[BlackElo "2247"]
[PlyCount "82"]
[EventDate "2021.06.29"]
[EventType "tourn (corr)"]
[EventRounds "6"]
[EventCountry "GER"]
[SourceTitle "Corr 2024"]
[Source "ChessBase"]
[SourceDate "2023.10.19"]
[SourceVersion "1"]
[SourceVersionDate "2023.10.19"]
[SourceQuality "1"]

1. e4 e6 2. d4 d5 3. Nc3 Nf6 4. e5 Nfd7 5. f4 c5 6. Nf3 Nc6 7. Be3 Be7 8. Qd2 a6 9. dxc5 Nxc5 10. 0-0-0 Qa5 11. Kb1 b5 12. h4 Bb7 13. Nd4 b4 14. Nce2 Ne4 15. Qe1 0-0 16. g4 Nxd4 17. Nxd4 Qb6 18. Bg2 Bc5 19. Bxe4 dxe4 20. h5 Rfd8 21. Qf2 Qc7 22. Rhg1 Rd5 23. h6 g6 24. Nb3 Bf8 25. Rc1 a5 26. c3 Qd7 27. Nc5 Bxc5 28. Bxc5 Rd2 29. Qh4 b3 30. Bd6 f5 31. gxf5 exf5 32. Rcd1 e3 33. Rxd2 exd2 34. Qf6 bxa2+ 35. Ka1 Qf7 36. Rd1 Qxf6 37. exf6 Bd5 38. Rxd2 Be6 39. Be5 g5 40. fxg5 Kf7 41. c4 Bxc4 1/2-1/2